书目信息 |
| 题名: |
《说文解字》导读
|
|
| 作者: | 苏宝荣 | |
| 分册: | ||
| 出版信息: | 西安 陕西人民出版社 34182 |
|
| 页数: | 467页 | |
| 开本: | 20cm | |
| 丛书名: | ||
| 单 册: | ||
| 中图分类: | H172.2 | |
| 科图分类: | ||
| 主题词: | 汉语方言 | |
| 电子资源: | ||
| ISBN: | 7-224-01647-0 | |
| 000 | 00505nam0 2200181 450 | |
| 001 | 0728815141 | |
| 005 | 20070819080015.14 | |
| 010 | @a7-224-01647-0@d¥16.50 | |
| 100 | @a20070819d km y0chiy0120 ea | |
| 101 | 0 | @achi |
| 200 | 1 | @a《说文解字》导读@A《shuo wen jie zi》dao du@f苏宝荣@Fsu bao rong |
| 210 | @a西安@c陕西人民出版社@d34182 | |
| 215 | @a467页@d20cm | |
| 606 | 0 | @a汉语方言 |
| 690 | @aH172.2@v3 | |
| 701 | 0 | @a苏宝荣@Asu bao rong |
| 801 | 0 | @aCN@bPFT@c20070819 |
| 905 | @a213230@dH172.2@eZW30@f1 | |
| 《说文解字》导读/苏宝荣.-西安:陕西人民出版社,34182 |
| 467页;20cm |
| ISBN 7-224-01647-0:¥16.50 |
| ● |
| 相关链接 |
|
|
|
|
正题名:《说文解字》导读
索取号:H172.2/ZW30
 
预约/预借
| 序号 | 登录号 | 条形码 | 馆藏地/架位号 | 状态 | 备注 |
| 1 | 7604345 | 276043452 | 密集书库-文学院/ [索取号:H172.2/ZW30] | 在馆 |